000 00334nam a2200157Ia 4500
100 _aAmbawade/Dayanand
650 _aComptuter Network
942 _cBK
366 _f25
245 _aAdvanced computer Network
260 _bDreamtech
_c2011
082 _a4.6
_bAMB
300 _a368
546 _aENGLISH
_cComputers
999 _c25193
_d25193